Southville International School and Colleges
Your cart is empty.
  • Cart
  • Lists
    Public lists Eva Luna New books Lux_list list_1
    Your lists Log in to create your own lists
  • Log in to your account
  • Your cookies
  • Search history
Southville International School and Colleges
  • Advanced search
  • Recent comments
  • Most popular
  • Libraries

Log in to your account

Log in with GOOGLE


If you do not have an external account, but do have a local account, you can still log in:

  1. Home
  2. MARC view: Raspberry Pi: Measure, Record, Explore /
Normal view MARC view ISBD view

Raspberry Pi: Measure, Record, Explore / (Record no. 291021)

[ view plain ]
MARC details
000 -LEADER
fixed length control field 00358nam a2200133Ia 4500
008 - FIXED-LENGTH DATA ELEMENTS--GENERAL INFORMATION
fixed length control field 160227s9999 xx 000 0 und d
100 ## - MAIN ENTRY--PERSONAL NAME
Personal name Maclean, M.
245 ## - TITLE STATEMENT
Title Raspberry Pi: Measure, Record, Explore /
245 ## - TITLE STATEMENT
Statement of responsibility, etc M. Maclean.
260 ## - PUBLICATION, DISTRIBUTION, ETC. (IMPRINT)
Name of publisher, distributor, etc Leanpub.
260 ## - PUBLICATION, DISTRIBUTION, ETC. (IMPRINT)
Date of publication, distribution, etc 2015
650 ## - SUBJECT ADDED ENTRY--TOPICAL TERM
General subdivision Information Technology.
856 ## - ELECTRONIC LOCATION AND ACCESS
Uniform Resource Identifier <a href="https://leanpub.com/RPiMRE/read">https://leanpub.com/RPiMRE/read</a>

No items available.

Raspberry Pi: Measure, Record, Explore /

APA

Maclean M., .Raspberry Pi: Measure, Record, Explore. : Leanpub.

Chicago

Maclean M, .Raspberry Pi: Measure, Record, Explore. : Leanpub.

Harvard

Maclean M., .Raspberry Pi: Measure, Record, Explore. : Leanpub.

MLA

Maclean M, .: Leanpub. .

  • Print
  • Cite
  • Add to your cart (remove)
  • Save record
    BIBTEX Dublin Core MARCXML MARC (non-Unicode/MARC-8) MARC (Unicode/UTF-8) MARC (Unicode/UTF-8, Standard) MODS (XML) RIS
  • More searches
    Search for this title in:
    Other Libraries (WorldCat) Other Databases (Google Scholar) Online Stores (Bookfinder.com) Open Library (openlibrary.org)

Exporting to Dublin Core...

SOUTHVILLE LIBRARY

Southville International School and Colleges Library

1281 Tropical Ave. Cor. Luxembourg St., BF Homes International, Las Pinas City

Tel. No. 8256374 / 252358 Loc. 117/146

Powered by Koha